| 000 | 00697nam a2200205 a 4500 | ||
|---|---|---|---|
| 001 | 3693 | ||
| 003 | CDMR | ||
| 005 | 20131025105147.0 | ||
| 008 | 130130s1998||||||||||||||||||||||||||||d | ||
| 020 | _a8420644110 | ||
| 040 |
_aCDMR _bcat _cCDMR |
||
| 100 | 1 |
_aGraham, Katharine _92631 |
|
| 245 | 1 | 4 |
_aUna historia personal _b: mujer, periodista, empresaria, editora de The Washington Post _cKatharine Graham ; versión española de José Manuel Calvo Roy y María Luisa Rodríguez Tapia |
| 260 |
_aMadrid _c1998 _bAlianza |
||
| 490 | 0 | _aAlianza actualidad | |
| 610 | 0 | 4 |
_94137 _aWashington Post (Diari) |
| 650 | 0 | 4 |
_92913 _aDones periodistes |
| 650 | 0 | 4 |
_93074 _aPeriodistes _vBiografia |
| 942 |
_cMON _2udc |
||
| 999 |
_c3693 _d3693 |
||